| 000 | 00354nam a2200145Ia 4500 | ||
|---|---|---|---|
| 008 | 230917s9999||||xx |||||||||||||| ||und|| | ||
| 040 |
_e107617 _aMAIN |
||
| 041 | _aEnglish | ||
| 082 | _a005.1 A38S | ||
| 100 | _aAggarwal, K K | ||
| 245 | 0 | _aSoftware Engineering | |
| 260 |
_aNew Delhi _bNew Age International _c2004 |
||
| 300 | _a334 p. | ||
| 942 | _cBK | ||
| 999 |
_c120143 _d120143 |
||